<?xml version="1.0" encoding="UTF-8"?>
<record
    xmlns:xsi="http://www.w3.org/2001/XMLSchema-instance"
    xsi:schemaLocation="http://www.loc.gov/MARC21/slim http://www.loc.gov/standards/marcxml/schema/MARC21slim.xsd"
    xmlns="http://www.loc.gov/MARC21/slim">

  <leader>00815nam a2200181Ia 4500</leader>
  <controlfield tag="008">151202s9999||||xx |||||||||||||| ||und||</controlfield>
  <datafield tag="082" ind1=" " ind2=" ">
    <subfield code="b">PNVM-86436</subfield>
  </datafield>
  <datafield tag="100" ind1=" " ind2=" ">
    <subfield code="a">&#x926;&#x947;&#x936;&#x92A;&#x93E;&#x902;&#x921;&#x947; &#x91C;&#x92F;&#x936;&#x94D;&#x930;&#x940;</subfield>
  </datafield>
  <datafield tag="245" ind1=" " ind2=" ">
    <subfield code="a">&#x939;&#x92E;&#x916;&#x93E;&#x938; &#x92A;&#x93E;&#x915;&#x938;&#x93F;&#x927;&#x94D;&#x926;&#x940; </subfield>
  </datafield>
  <datafield tag="260" ind1=" " ind2=" ">
    <subfield code="b">"&#x928;&#x93F;&#x924;&#x940;&#x928; &#x92A;&#x94D;&#x930;&#x915;&#x93E;&#x936;&#x928;,&#x967;&#x96A;&#x96D;,&#x92C;&#x941;&#x927;&#x935;&#x93E;&#x930; &#x92A;&#x947;&#x920;,&#x91C;&#x94B;&#x917;&#x947;&#x936;&#x94D;&#x935;&#x930;&#x940; &#x932;&#x947;&#x928;,&#x906;&#x92A;&#x94D;&#x92A;&#x93E; &#x92C;&#x933;&#x935;&#x902;&#x924; &#x91A;&#x94C;&#x915;,&#x92A;&#x941;&#x923;&#x947;-&#x96A;&#x967;&#x967;&#x966;&#x966;&#x968;,&#x92B;&#x94B;&#x928;-&#x966;&#x968;&#x966;&#x968;&#x96A;&#x96A;&#x96E;&#x969;&#x96B;&#x967;&#x96C;"</subfield>
  </datafield>
  <datafield tag="260" ind1=" " ind2=" ">
    <subfield code="c">2014</subfield>
  </datafield>
  <datafield tag="300" ind1=" " ind2=" ">
    <subfield code="a">560</subfield>
  </datafield>
  <datafield tag="600" ind1=" " ind2=" ">
    <subfield code="a">&#x926;&#x947;&#x936;&#x92A;&#x93E;&#x902;&#x921;&#x947; &#x91C;&#x92F;&#x936;&#x94D;&#x930;&#x940;</subfield>
  </datafield>
  <datafield tag="630" ind1=" " ind2=" ">
    <subfield code="a">&#x939;&#x92E;&#x916;&#x93E;&#x938; &#x92A;&#x93E;&#x915;&#x938;&#x93F;&#x927;&#x94D;&#x926;&#x940; </subfield>
  </datafield>
  <datafield tag="700" ind1=" " ind2=" ">
    <subfield code="a">&#x926;&#x947;&#x936;&#x92A;&#x93E;&#x902;&#x921;&#x947; &#x91C;&#x92F;&#x936;&#x94D;&#x930;&#x940;</subfield>
  </datafield>
  <datafield tag="730" ind1=" " ind2=" ">
    <subfield code="a">&#x939;&#x92E;&#x916;&#x93E;&#x938; &#x92A;&#x93E;&#x915;&#x938;&#x93F;&#x927;&#x94D;&#x926;&#x940; </subfield>
  </datafield>
  <datafield tag="942" ind1=" " ind2=" ">
    <subfield code="c">BOOK</subfield>
  </datafield>
  <datafield tag="999" ind1=" " ind2=" ">
    <subfield code="c">1350482</subfield>
    <subfield code="d">1350479</subfield>
  </datafield>
  <datafield tag="952" ind1=" " ind2=" ">
    <subfield code="0">0</subfield>
    <subfield code="1">0</subfield>
    <subfield code="4">0</subfield>
    <subfield code="7">0</subfield>
    <subfield code="a">PNVM</subfield>
    <subfield code="b">PNVM</subfield>
    <subfield code="d">2015-08-02</subfield>
    <subfield code="g">250.00</subfield>
    <subfield code="l">0</subfield>
    <subfield code="o">PNVM-86436</subfield>
    <subfield code="p">PNVM-86436</subfield>
    <subfield code="r">2015-12-02 00:00:00</subfield>
    <subfield code="v">250.00</subfield>
    <subfield code="w">2015-12-02</subfield>
    <subfield code="y">BOOK</subfield>
  </datafield>
</record>
